[Event "ESP-ch FEDC 29th"]
[Site "San Fernando"]
[Date "2020.11.17"]
[Round "1"]
[White "Rodriguez Gonzalez, Jaime"]
[Black "Delgado Lagares, Francisco Javier"]
[Result "1-0"]
[WhiteElo "1467"]
[BlackElo "1697"]
[PlyCount "63"]
[EventDate "2020.11.17"]
[EventType "swiss"]
[EventRounds "7"]
[EventCountry "ESP"]
[SourceTitle "EXT 2024"]
[Source "ChessBase"]
[SourceDate "2023.10.10"]
[SourceVersion "1"]
[SourceVersionDate "2023.10.10"]
[SourceQuality "1"]

1. d4 d5 2. Bf4 Nf6 3. Nf3 e6 4. e3 c5 5. c3 Nc6 6. Nbd2 Be7 7. Bd3 h6 8. Ne5 0-0 9. Qf3 cxd4 10. exd4 Nd7 11. g4 Ncxe5 12. dxe5 Bg5 13. h4 Bxf4 14. Qxf4 f6 15. Qh2 Nxe5 16. Be2 d4 17. g5 dxc3 18. bxc3 Nd3+ 19. Bxd3 Qxd3 20. gxh6 Rd8 21. Rd1 b6 22. Rg1 g6 23. Qg2 Rd5 24. Qxg6+ Qxg6 25. Rxg6+ Kf7 26. Rg7+ Kf8 27. Ne4 f5 28. Rxd5 exd5 29. Ng5 Rb8 30. Rf7+ Kg8 31. h7+ Kh8 32. Rf8+ 1-0

[Event "Almunecar FEDC op 21th"]
[Site "Almunecar"]
[Date "2018.10.07"]
[Round "6"]
[White "Balmiza Jimenez, Francisco"]
[Black "Rodriguez Gonzalez, Jaime"]
[Result "1-0"]
[WhiteElo "1702"]
[BlackElo "1473"]
[PlyCount "128"]
[EventDate "2018.10.02"]
[EventType "swiss"]
[EventRounds "7"]
[EventCountry "ESP"]
[SourceTitle "EXT 2024"]
[Source "ChessBase"]
[SourceDate "2023.10.10"]
[SourceVersion "1"]
[SourceVersionDate "2023.10.10"]
[SourceQuality "1"]

1. Nf3 Nf6 2. d4 d5 3. Bf4 Bf5 4. e3 e6 5. h3 h6 6. Bd3 Ne4 7. Nbd2 Bd6 8. Bxd6 cxd6 9. 0-0 0-0 10. Qe2 Nc6 11. c3 Rc8 12. Rfc1 Qe7 13. Bc2 Bg6 14. Nxe4 dxe4 15. Nd2 d5 16. f4 f5 17. a3 Qh4 18. Qf2 Qe7 19. Ba4 Na5 20. Qe2 Be8 21. Bd1 a6 22. Kh2 Bb5 23. Qf2 Kh8 24. Be2 Nc4 25. Nxc4 Bxc4 26. Bxc4 dxc4 27. Rg1 Rg8 28. g4 g5 29. gxf5 exf5 30. fxg5 Rxg5 31. Rxg5 Qxg5 32. Rg1 Qf6 33. Qg3 b5 34. Qg6 Rf8 35. Qg3 Qf7 36. Qf4 Qf6 37. Rf1 Qg5 38. Qe5+ Kh7 39. Rg1 Qf6 40. Qxf6 Rxf6 41. Kg3 Rg6+ 42. Kf2 Rxg1 43. Kxg1 Kg6 44. Kg2 h5 45. Kg3 Kg5 46. h4+ Kf6 47. Kf4 Ke6 48. Kg5 a5 49. Kf4 Kf6 50. d5 a4 51. d6 Ke6 52. d7 Kxd7 53. Kxf5 Kd6 54. Kxe4 Kc5 55. Ke5 b4 56. axb4+ Kb5 57. Kd5 a3 58. bxa3 Ka4 59. e4 Kxa3 60. e5 Kb3 61. Kd4 Kc2 62. e6 Kd2 63. e7 Ke2 64. e8Q+ Kf3 1-0

[Event "Almunecar FEDC op 21th"]
[Site "Almunecar"]
[Date "2018.10.04"]
[Round "3"]
[White "Rodriguez Gonzalez, Jaime"]
[Black "Delgado Lagares, Francisco Javier"]
[Result "0-1"]
[WhiteElo "1473"]
[BlackElo "1751"]
[PlyCount "112"]
[EventDate "2018.10.02"]
[EventType "swiss"]
[EventRounds "7"]
[EventCountry "ESP"]
[SourceTitle "EXT 2024"]
[Source "ChessBase"]
[SourceDate "2023.10.10"]
[SourceVersion "1"]
[SourceVersionDate "2023.10.10"]
[SourceQuality "1"]

1. e4 c5 2. Nc3 Nc6 3. f4 e6 4. Nf3 d6 5. Bc4 Be7 6. 0-0 a6 7. a4 Nf6 8. d3 0-0 9. Bd2 Qc7 10. Qe2 Re8 11. Bb3 b6 12. Qf2 Bb7 13. Rfe1 Bf8 14. Qg3 Rad8 15. f5 e5 16. Ng5 Rd7 17. Qh4 h6 18. Nf3 Nh7 19. Nd5 Qd8 20. Qxd8 Rexd8 21. Nxb6 Rc7 22. Nd5 Rcc8 23. Rf1 Ne7 24. Ba5 Nxd5 25. Bxd5 Rd7 26. Bxb7 Rxb7 27. b3 Nf6 28. h3 Re8 29. Rab1 d5 30. Nd2 Reb8 31. exd5 Nxd5 32. Nc4 f6 33. Bd2 Nb4 34. Na5 Rd7 35. Rb2 Rd5 36. Nc4 Nc6 37. Ne3 Rd7 38. Nc4 Nd4 39. Be3 Kf7 40. Kf2 Nxf5 41. Bd2 Ke6 42. g4 Nd4 43. Ke3 g6 44. h4 f5 45. g5 hxg5 46. hxg5 Rh7 47. Kf2 Be7 48. Be3 Rh2+ 49. Ke1 Nxc2+ 50. Rxc2 Rxc2 51. Nd2 Rd8 52. Ke2 f4 53. Bf2 Bxg5 54. Rd1 f3+ 55. Ke1 Rxd3 56. Ne4 Re2+ 0-1